000 00413nam a2200169Ia 4500
005 20250423094239.0
008 250422s9999 xx 000 0 und d
020 _a0-06-090704-5
100 _aDavid Martin
245 2 _aA General Theory of Secularization
260 _aNew York
260 _bHarper Colophon Books
260 _c1978
300 _a353 p
650 _aTheory of Secularization
942 _cBK
999 _c26697
_d26697